Certamen científico-literari organitzat per l'Ateneu Igualadí de la Classe Obrera amb motiu de la celebració de les bodes d'or de la seva fundació : premis premis
Descripción Física:
1 díptic ; 24 cm
MARC
| LEADER | 00000nam a2200000Ia 4500 | ||
|---|---|---|---|
| 001 | 15866 | ||
| 003 | BGR | ||
| 005 | 20260410113639.0 | ||
| 008 | 160829s1914 xx 000 0 cat d | ||
| 080 | |a RF-12-76 | ||
| 110 | 2 | |a Ateneu Igualadí de la Classe Obrera |9 70534 | |
| 245 | |a Certamen científico-literari organitzat per l'Ateneu Igualadí de la Classe Obrera amb motiu de la celebració de les bodes d'or de la seva fundació : |b premis | ||
| 260 | |a Igualada : |b [s.n.], |c 1914 | ||
| 300 | |a 1 díptic ; |c 24 cm | ||
| 590 | |a Prové de 1403, exp. 10 | ||
| 650 | |a Ateneu Igualadí de la Classe Obrera |x Premis |9 46928 | ||
| 856 | 4 | |u https://media.diba.cat/diba/fitxers/arxiu/fulletons/bib_15866_1914_baixa.pdf |y Accés lliure | |
| 856 | 4 | |u https://media.diba.cat/diba/fitxers/arxiu/fulletons/bib_15866_1914_baixa.pdf |y Accés lliure | |
| 900 | |a bib_15866_1914_baixa.pdf | ||
| 901 | |a Arxiu | ||
| 942 | |n 1 |2 udc |c MON | ||
| 952 | |0 0 |1 0 |4 0 |6 RF1276 |7 1 |9 53535 |a Arxiu |b Arxiu |d 2016-12-01 |l 0 |o RF-12-76 |p 15866 |r 2016-12-01 00:00:00 |w 2016-12-01 |y ARXIU | ||
| 999 | |c 57401 |d 57401 | ||